Wild Dog Habitats Map Quiz - Statistics

General Stats
  • This quiz has been taken 109 times
  • The average score is 7 of 9
Answers on the Map
Answers color-coded by a green-red scale on the quiz's map according to % correct below.
 
Answer Stats
Answer % Correct
Arctic Fox
87%
Coyote
87%
Dingo
83%
Cape Fox
70%
Raccoon Dog (Tanuki)
70%
Side-Striped Jackal
66%
Dhole
65%
Maned Wolf
62%
Fennec Fox
61%
No matching quizzes found
Score Distribution
Percent of People with Each Score
Percentile by Number Answered
Your Score History
You have not taken this quiz